(Record no. 189129)

MARC details
000 -LEADER
fixed length control field 00426nam a2200145Ia 4500
041 ## - LANGUAGE CODE
Language code of text/sound track or separate title Arabic
082 ## - DEWEY DECIMAL CLASSIFICATION NUMBER
Classification number 219,3 cut-324 ن
100 ## - MAIN ENTRY--PERSONAL NAME
Personal name 20260118u\\\\\\\\\\\y0engy0103\\\\ba
Personal name د.حسين فوزي النجار
245 #0 - TITLE STATEMENT
Title الدولة والحكم في الاسلام
250 ## - EDITION STATEMENT
Edition statement ط1
260 ## - PUBLICATION, DISTRIBUTION, ETC. (IMPRINT)
Name of publisher, distributor, etc طبع بدار نوبار للطباعة
Place of publication, distribution, etc القاهرة - مصر
Date of publication, distribution, etc 1985
300 ## - PHYSICAL DESCRIPTION
Extent 192
942 ## - ADDED ENTRY ELEMENTS (KOHA)
Koha item type Books
Holdings
Withdrawn status Lost status Damaged status Not for loan Collection code Home library Current library Shelving location Date acquired Total Checkouts Full call number Barcode Date last seen Copy number Price effective from Koha item type
          Koya University Central Library Koya University Central Library Books 18/01/2026   219,3 cut-324 ن 0000093599 18/01/2026 1 18/01/2026 Books